| 000 | 00472nam a2200157 a 4500 | ||
|---|---|---|---|
| 001 | 3742 | ||
| 005 | 20140414131953.0 | ||
| 008 | 061009s19uu xx 00 eng d | ||
| 020 | _a0-02-643344-3 | ||
| 050 |
_aTR 425 _bB84 1988 |
||
| 245 |
_aBuilding skills in English : _breview book a Glence text-workbook. |
||
| 260 |
_aMission Hills, California : _bGlencoe Pub., _c1988. |
||
| 300 | _a144 p. ; cm. | ||
| 650 |
_aEnglish language _xStudy and teaching. |
||
| 999 |
_c112849 _d112849 |
||